[Event "Europe Chess GM"]
[Site "Eger HUN"]
[Date "2002.03.21"]
[Round "2"]
[White "Kosanovic,G"]
[Black "Vajda,L"]
[Result "0-1"]
[WhiteElo "2428"]
[BlackElo "2513"]

1.d4 Nf6 2.Bg5 d5 3.e3 Ne4 4.Bf4 e6 5.Nd2 Nf6 6.Bd3 c5 7.c3 Nc6 8.Ngf3 Qb6
9.Rb1 Be7 10.h3 Bd7 11.O-O a6 12.Re1 Rc8 13.a3 O-O 14.b4 cxb4 15.cxb4 Na7
16.Qb3 Bb5 17.Ne5 Bd6 18.Rec1 Bxe5 19.Bxe5 Nd7 20.Bg3 Bxd3 21.Qxd3 Qb5 22.Qb3 Nb6
23.Rc5 Qe2 24.Rb2 Nd7 25.Nf3 Nxc5 26.bxc5 Qb5 27.Qa2 Qa4 28.Rxb7 Nb5 29.Qb2 f6
30.Qb4 Qxa3 31.Qxa3 Nxa3 32.Rb6 a5 33.Rxe6 Nc4  0-1

[Event "Spring Festival"]
[Site "Budapest HUN"]
[Date "2002.03.23"]
[Round "9"]
[White "Kessler,B"]
[Black "Kolus,L"]
[Result "1-0"]
[WhiteElo "2099"]
[BlackElo "2200"]

1.d4 Nf6 2.Bg5 g6 3.Bxf6 exf6 4.c4 Bg7 5.e3 O-O 6.Nc3 f5 7.g3 d6 8.Bg2 c6
9.Nge2 Nd7 10.O-O Nf6 11.b4 a6 12.a4 Bd7 13.a5 Qe7 14.Na4 Ne4 15.Nb6 Rad8
16.Rb1 Rfe8 17.Qc2 h5 18.h4 g5 19.hxg5 Qxg5 20.Nf4 h4 21.gxh4 Qxh4 22.f3 Ng3
23.Qf2 Bh6 24.Rfe1 Rxe3 25.Qxe3 Bxf4 26.Qe7 Bg5 27.Qxd6 Be6 28.Qc5 Rxd4 29.Rbd1 Be3+  1-0

[Event "ch-CAN"]
[Site "Richmond CAN"]
[Date "2002.03.24"]
[Round "5"]
[White "Ross,D"]
[Black "Reeve,J"]
[Result "1/2-1/2"]
[WhiteElo "2349"]
[BlackElo "2200"]

1.d4 Nf6 2.Bg5 d5 3.Bxf6 exf6 4.e3 Bf5 5.Nd2 c6 6.g3 g6 7.Bg2 Bg7 8.c4 dxc4
9.Nxc4 Be6 10.Qc2 f5 11.Ne2  1/2-1/2

[Event "Suetin Mem"]
[Site "Tula RUS"]
[Date "2002.03.28"]
[Round "6"]
[White "Shpagin,V"]
[Black "Bakutin,A"]
[Result "1/2-1/2"]
[WhiteElo "2028"]
[BlackElo "2224"]

1.d4 Nf6 2.Bg5 d5 3.Bxf6 exf6 4.e3 c6 5.g3 Qb6 6.Qc1 Be7 7.Ne2 O-O 8.Bg2 Bf5
9.Nd2 Nd7 10.O-O Rfe8 11.Re1 Nf8 12.c4 dxc4 13.Nxc4 Qa6 14.Qc3 Rad8 15.a4 Be6
16.Rec1 Bxc4 17.Qxc4 Qxc4 18.Rxc4 a5 19.Nf4 Ne6 20.Nd3 f5 21.Rb1 g6 22.h4 Kf8
23.b4 axb4 24.Nxb4 Ra8 25.d5 cxd5 26.Nxd5 Ra7 27.Nxe7 Rxe7 28.Rc8+ Kg7 29.Rb4 Rd7
30.Bf1 Rd1 31.Kg2 Rd6 32.Rb8 Rd7 33.Bb5 Re7 34.Rb1 Nc5 35.Rb4 Na6 36.Bxa6 Rxa6
37.Kf1 Re4 38.R4xb7 Rexa4 39.Rc8 Ra7 40.Rcb8 Rxb7 41.Rxb7 h5 42.Ke2  1/2-1/2

[Event "Redbus KO"]
[Site "Southend ENG"]
[Date "2002.03.29"]
[Round "1.1"]
[White "Ward,C"]
[Black "Chandler,M"]
[Result "0-1"]
[WhiteElo "2486"]
[BlackElo "2543"]

1.d4 Nf6 2.Bg5 c5 3.d5 Ne4 4.Bf4 Qb6 5.Bc1 g6 6.f3 Nd6 7.Nc3 Bg7 8.e3 O-O
9.Nh3 Na6 10.Be2 c4 11.Kf2 Qc5 12.a4 b6 13.Qd2 Bb7 14.Rd1 Nb4 15.Kf1 Rad8
16.Nf2 f5 17.e4 a5 18.Ra3 fxe4 19.Nfxe4 Nxe4 20.Nxe4 Qxd5 21.Qxd5+ Bxd5 22.c3 Bxe4
23.cxb4 axb4 24.Bxc4+ d5 25.Rad3 Bxd3+ 26.Bxd3 e5 27.Ke2 e4 28.fxe4 dxe4
29.Bc4+ Kh8 30.Re1 Bd4 31.Be3 Kg7 32.b3 Bxe3 33.Kxe3 Kf6 34.Ra1 Ke5 35.a5 Ra8
36.a6 Rfc8 37.g4 b5 38.Bxb5 Rc3+ 39.Kd2 Rxb3 40.Bc4 Rb2+ 41.Ke3 Rg2 42.Ra5+ Kd6
43.a7 Rxh2 44.Ra6+ Kc5  0-1

[Event "Suetin Mem"]
[Site "Tula RUS"]
[Date "2002.03.30"]
[Round "8"]
[White "Shpagin,V"]
[Black "Akulov,E"]
[Result "1-0"]
[WhiteElo "2028"]
[BlackElo "2248"]

1.d4 d5 2.Bg5 Nf6 3.Bxf6 exf6 4.e3 Bd6 5.g3 O-O 6.Bg2 c6 7.Nd2 Nd7 8.Ne2 f5
9.O-O Nf6 10.c4 dxc4 11.Nxc4 Bc7 12.Nc3 Be6 13.Nd2 Nd5 14.Qc2 Qg5 15.Nxd5 Bxd5
16.Bxd5 cxd5 17.Qxc7 Rac8 18.Qxb7  1-0

[Event "Foxwoods Open"]
[Site "Connecticut USA"]
[Date "2002.03.31"]
[Round "6"]
[White "Ibragimov,I"]
[Black "Kaidanov,G"]
[Result "1/2-1/2"]
[WhiteElo "2584"]
[BlackElo "2596"]

1.d4 d5 2.Bg5 Nf6 3.Bxf6 exf6 4.e3 Bd6 5.Nf3 O-O 6.Nbd2 c6 7.c4 dxc4 8.Bxc4 f5
9.Qc2 Qf6 10.O-O Nd7 11.e4 fxe4 12.Nxe4 Qh6 13.Bb3 Bc7 14.Rfe1 Nb6 15.Ng3 Bd7
16.Ne5 Rad8 17.h3 Bc8 18.Nf5 Bxf5 19.Qxf5 Nd5 20.Qf3 Qd6 21.g3 Rde8 22.Re2 Bb6
23.Nc4  1/2-1/2

[Event "SVK-Cup"]
[Site "Trencianske Teplice SVK"]
[Date "2002.03.31"]
[Round "3"]
[White "Hlinka,V"]
[Black "Rachela,M"]
[Result "1-0"]
[WhiteElo "2183"]
[BlackElo "2146"]

1.d4 Nf6 2.Bg5 g6 3.Bxf6 exf6 4.g3 Bg7 5.Bg2 O-O 6.c4 f5 7.Nc3 d6 8.e3 Na6
9.Nge2 c6 10.a3 Nc7 11.b4 a5 12.O-O Bd7 13.Qd3 axb4 14.axb4 Qe7 15.b5 h5
16.Rfb1 Rxa1 17.Rxa1 Ra8 18.Rxa8+ Nxa8 19.bxc6 Bxc6 20.Nd5 Qd8 21.Qa3 Nc7
22.Nec3 Nxd5 23.Nxd5 Bf8 24.h4 Kg7 25.Qa7 b5 26.Nc7 Bd7 27.cxb5 d5 28.b6 Bd6
29.Bxd5 g5 30.hxg5 Qxg5 31.Ne6+ Bxe6 32.Bxe6 Qg6 33.Bd5 f4 34.Qxf7+ Qxf7
35.Bxf7 h4 36.Bd5 fxg3 37.fxg3  1-0

[Event "FIDE GP"]
[Site "Dubai UAE"]
[Date "2002.04.03"]
[Round "1.2"]
[White "Novik,M"]
[Black "Lautier,J"]
[Result "1/2-1/2"]
[WhiteElo "2466"]
[BlackElo "2687"]

1.d4 Nf6 2.Bg5 d5 3.e3 Ne4 4.Bf4 e6 5.Nf3 Bd6 6.Bg3 c5 7.c3 Nc6 8.Nbd2 Nxg3
9.hxg3 h6 10.Bd3 Qb6 11.Rb1 Bd7 12.Qe2 Qc7 13.a3 c4 14.Bc2 f5 15.Nh4 O-O-O
16.Ng6 Rhg8 17.f4 Be8 18.Ne5 Nxe5 19.dxe5 Bc5 20.Nf3 Qa5 21.Rc1 Qb6 22.Kd2 g5
23.Nd4 gxf4 24.gxf4 h5 25.Rcg1 Bxd4 26.exd4 Rd7 27.Kc1 Rdg7 28.Qf2 Qc7 29.Bd1 Rg3
30.Bf3 Qg7 31.Rh4 Kb8 32.Rgh1 a6 33.R1h2 Qh6 34.Kb1 Qg7 35.R4h3 Rxh3 36.Rxh3 Rh8
37.Qh4 Qh6 38.Rg3 Qf8 39.Qd8+ Ka7 40.Qc7 Rg8 41.Rxg8 Qxg8 42.Qd8 Qf7 43.Kc1 Qg6
44.Kd2 Qf7 45.Ke3 Ba4 46.Kf2 Bc2 47.Kg3 Be4 48.Kh4 Bxf3 49.gxf3 Qg7 50.Qg5 Qc7
51.Kxh5 Qb6 52.Qg2 Qd8 53.Qg6 Qb6 54.Kg5 Qd8+ 55.Qf6 Qg8+ 56.Kh4 Qh7+ 57.Kg3 Qh1
58.Qxe6 Qe1+ 59.Kg2 Qe2+ 60.Kg1 Qe1+ 61.Kh2 Qf2+ 62.Kh1 Qf1+ 63.Kh2 Qf2+
64.Kh1 Qf1+  1/2-1/2

[Event "New White Plus GM open"]
[Site "Dhaka BAN"]
[Date "2002.04.05"]
[Round "7"]
[White "Rahman,Tai"]
[Black "Hamid,R"]
[Result "1-0"]
[WhiteElo "2264"]
[BlackElo "2116"]

1.d4 Nf6 2.Bg5 d5 3.c4 e6 4.cxd5 exd5 5.Nc3 c6 6.Qc2 Nbd7 7.e3 Qa5 8.Bd3 Bb4
9.Ne2 O-O 10.O-O Re8 11.a3 Bxc3 12.Nxc3 h6 13.b4 Qd8 14.Bh4 g5 15.Bg3 Qe7
16.Rac1 a5 17.b5 Qxa3 18.bxc6 bxc6 19.Nb1 Qb4 20.Qxc6 Bb7 21.Qc3 Rec8 22.Qa3 Rxc1
23.Rxc1 Ba6 24.Bxa6 Rxa6 25.h4 Ne4 26.Kh2 Nxg3 27.Kxg3 Qb8+ 28.Kh3 Nf6 29.hxg5 hxg5
30.g3 Ne4 31.Nc3 Qc8+ 32.Kg2 Rh6 33.Nxe4 Qh3+ 34.Kf3 dxe4+ 35.Kxe4 Qe6+ 36.Kd3 Qf5+
37.Ke2 Rh2 38.Rf1 Qc2+ 39.Kf3 Qf5+ 40.Ke2 Qb5+ 41.Qd3 Qc6 42.Qe4 Qa6+ 43.Qd3 Qb6
44.g4 Qb2+ 45.Kf3 Qb7+ 46.d5 Qe7 47.Ra1 Qd6 48.Rc1 Rh3+ 49.Ke2 Qd7 50.Qc4 Kg7
51.Qd4+ Kh7 52.Qe4+ Kg7 53.Qe5+ Kf8 54.Qb8+ Kg7 55.Qe5+ Kf8 56.Qd4 Qb5+ 57.Qc4 Qb2+
58.Rc2 Qa3 59.Qc8+ Kg7 60.Qc3+ Qxc3 61.Rxc3 Rh8 62.e4 a4 63.Ra3 Ra8 64.Ke3 f6
65.Kd4 Kf7 66.Kc5 Ke7 67.Kb5 Rb8+ 68.Kxa4 Rb2 69.f3 Kd6 70.Rb3 Re2 71.Kb4 Rc2
72.Rc3 Rb2+ 73.Kc4 Rf2 74.Kd4 Rd2+ 75.Ke3 Ra2 76.Rc6+ Ke7 77.Rc7+ Kd6 78.Rc6+ Ke7
79.Kd4 Rd2+ 80.Kc5 Rd3  1-0

[Event "TCh-CZE 2001-2"]
[Site "CZE"]
[Date "2002.04.06"]
[Round "10"]
[White "Jirovsky,Pa"]
[Black "Sobek,J"]
[Result "1/2-1/2"]
[WhiteElo "2388"]
[BlackElo "2266"]

1.d4 Nf6 2.Bg5 c5 3.dxc5 e6 4.Nf3 Bxc5 5.e3 O-O 6.Nbd2 Be7 7.Be2 b6 8.O-O Bb7
9.c4 d5 10.Rc1 Nbd7 11.a3 dxc4 12.Bxc4 Nd5 13.Bxe7 Qxe7 14.Qe2 Rac8 15.Ba6 Nc5
16.Bxb7 Qxb7 17.Nd4 e5 18.Nf5 Rcd8 19.b4 Ne6 20.Nc4 g6 21.Ng3 f6 22.Qa2 Qe7
23.Ne4 Kg7 24.h3 Ndc7 25.Qb2 Rd7 26.Rc2 Rfd8 27.Rcc1 Kf7 28.Rfe1 Kg7 29.f4 exf4
30.exf4 Qf7 31.Ng5 Nxg5 32.fxg5 Rd4 33.gxf6+ Qxf6 34.Ne5 Ne6 35.Ng4 Qf5 36.Rcd1 Kg8
37.Rxd4 Nxd4 38.Rf1 Qe6 39.Kh1 h5 40.Nh2 Ne2 41.Rb1 Ng3+ 42.Kg1 Qe3+ 43.Qf2 Qxf2+
44.Kxf2 Nf5 45.Nf3 Rd3 46.a4 Ra3 47.a5 bxa5 48.bxa5 Rxa5 49.g4 hxg4 50.hxg4 Ra2+
51.Kg1 Ne3 52.g5 Rg2+ 53.Kh1 Rg3 54.Rb8+ Kf7 55.Nd4 Rxg5 56.Rb7+ Kf6 57.Rxa7 Rg4
58.Ra3 Nf5 59.Nxf5 gxf5 60.Kh2 Ke5 61.Ra5+ Kf6 62.Ra3 Re4 63.Kg3 Kg5 64.Rb3 Rg4+
65.Kf3 Rh4 66.Kg3 f4+ 67.Kg2 Kg4 68.Ra3 Rh8 69.Rc3 Ra8 70.Rb3 Ra2+ 71.Kf1 f3
72.Rb8  1/2-1/2

[Event "ClubCh-EST"]
[Site "Tallinn EST"]
[Date "2002.04.06"]
[Round "8"]
[White "Kanep,M"]
[Black "Luik,H"]
[Result "1-0"]
[WhiteElo "2358"]
[BlackElo "2224"]

1.d4 Nf6 2.Bg5 d5 3.Bxf6 exf6 4.e3 g6 5.c4 dxc4 6.Bxc4 Bg7 7.Nc3 O-O 8.Nge2 Nd7
9.h4 Nb6 10.Bb3 Re8 11.h5 Be6 12.hxg6 hxg6 13.Bxe6 Rxe6 14.Qb3 Rd6 15.Ne4 Rc6
16.Nf4 a5 17.Nc5 a4 18.Qb5 Qe7 19.O-O g5 20.Nxb7 Rc2 21.Nd3 Qe4 22.Nbc5 Qg4
23.Qc6 a3 24.b3 f5 25.Qf3 Qxf3 26.gxf3 f4 27.Rfc1 Rb2 28.Rd1 fxe3 29.Nxb2 axb2
30.Rab1 Rxa2 31.fxe3 Nd5 32.Rd2 Nxe3 33.Na4 Nf5 34.Nxb2 Nxd4 35.Kg2 Nxb3
36.Rf2 Bd4 37.Re2 c5 38.Kf1 Kg7 39.Nc4 Rxe2 40.Kxe2 Na1 41.Nd6 Kg6 42.Rb6 Nc2
43.Ne4+ f6 44.Rc6 Be5 45.Rxc5 Nd4+ 46.Kf2 Nf5 47.Rc6 Bd4+ 48.Kg2 Be5 49.Nc5 Ne3+
50.Kh3 Kf5 51.Nd3 g4+ 52.fxg4+ Nxg4 53.Rc8 Ne3 54.Nf2 Nd5 55.Kg2 Ne3+ 56.Kf3 Nd5
57.Ne4 Ne7 58.Rc5 Ke6 59.Ra5 Nd5 60.Ra6+ Kf5 61.Ra5 Ne7 62.Ng3+ Kg6 63.Ne4 Kf5
64.Nd6+ Ke6 65.Nc4 Kf5 66.Ne3+ Kg5 67.Ke4 Nc6 68.Rc5 Ne7 69.Nc4 Ng6 70.Rb5 f5+
71.Kd5 Bg3 72.Ke6 Nf4+  1-0

[Event "Open"]
[Site "Dubai UAE"]
[Date "2002.04.16"]
[Round "2"]
[White "Minasian,Art"]
[Black "El Taher,F"]
[Result "1/2-1/2"]
[WhiteElo "2576"]
[BlackElo "2502"]

1.d4 Nf6 2.Bg5 c5 3.Bxf6 gxf6 4.d5 Qb6 5.Qc1 f5 6.g3 e6 7.Bg2 Bg7 8.c3 d6
9.Nh3 Nd7 10.O-O Nf6  1/2-1/2

[Event "TCh-ISR"]
[Site "ISR"]
[Date "2002.04.19"]
[Round "9"]
[White "Shabtai,R"]
[Black "Haimovich,T"]
[Result "0-1"]
[WhiteElo "2293"]
[BlackElo "2327"]

1.d4 Nf6 2.Bg5 d5 3.Nd2 Nbd7 4.e3 h6 5.Bf4 e6 6.Bd3 c5 7.c3 Be7 8.h3 b6 9.Ne2 Bb7
10.O-O O-O 11.Bh2 Re8 12.Rc1 Bf8 13.Nf3 a5 14.a4 Ba6 15.b3 c4 16.bxc4 dxc4
17.Bc2 Bb7 18.Ng3 e5 19.dxe5 Bxf3 20.Qxf3 Nxe5 21.Qe2 Nd3 22.Rb1 Qd7 23.Rfd1 Rad8
24.Bxd3 cxd3 25.Qa2 Bc5 26.Ne2 Ne4 27.Qc4 Nxf2 28.Kxf2 Bxe3+ 29.Ke1 Bc5 30.Rb2 Qf5
31.Qf4 Qe6 32.g4 dxe2  0-1

[Event "XX Open"]
[Site "Metz FRA"]
[Date "2002.04.19"]
[Round "7"]
[White "Mensch,E"]
[Black "Zagrebelny,S"]
[Result "1/2-1/2"]
[WhiteElo "2380"]
[BlackElo "2503"]

1.d4 Nf6 2.Bg5 d5 3.e3 c5 4.Bxf6 gxf6 5.Nc3 Nc6 6.Nf3 Bg4 7.Be2 e6 8.O-O Rc8
9.dxc5 Bxc5 10.Nd4 Bxe2 11.Ncxe2 f5 12.Nxc6 bxc6 13.c4 O-O 14.Rc1 Qf6 15.cxd5 cxd5
16.Qd2 Qe5 17.g3 Qe4 18.a3 Rfd8 19.Rfd1 h6 20.Rc3 Bb6 21.Rxc8 Rxc8 22.Rc1 Rd8
23.Rd1 Kh7 24.Nc3 Qc4 25.Qd3 Qb3 26.Qb5 Qxb5 27.Nxb5 Rc8 28.Rd2 Rc1+ 29.Kg2 Kg6
30.Kf3 Ba5 31.Re2 Bb6 32.Rd2 Ba5 33.Re2 Rg1 34.b4 Bb6 35.a4 a6 36.a5 Bd8
37.Na7 Rc1 38.b5 axb5 39.Nxb5 Bxa5 40.Ra2 Bb4 41.h4 e5 42.Ra6+ f6 43.Nd6 d4
44.h5+ Kxh5 45.Nxf5 Kg6 46.Ke4 dxe3 47.Nxe3 Re1 48.Kf3 Bc5 49.Nd5 e4+ 50.Kg2 Bd4
51.Ne7+ Kh7 52.Nf5 Be5 53.Ra7+ Kg6 54.Nh4+ Kh5 55.Nf5 Kg5 56.Nh4 f5 57.Ra5 Kf6
58.Ra6+ Kf7 59.Nxf5 h5 60.Ra7+ Kf6 61.Ne3 Ra1 62.Rxa1  1/2-1/2

[Event "Open"]
[Site "Dubai UAE"]
[Date "2002.04.24"]
[Round "8"]
[White "Anastasian,A"]
[Black "Al Sayed,Mohamad"]
[Result "1-0"]
[WhiteElo "2591"]
[BlackElo "2411"]

1.d4 Nf6 2.Bg5 d5 3.e3 g6 4.Bxf6 exf6 5.g3 c6 6.Bg2 Bf5 7.Nd2 Qd7 8.h4 h5
9.Ne2 Bd6 10.c4 dxc4 11.Nxc4 Be7 12.Rc1 O-O 13.a3 Na6 14.Nf4 Rfd8 15.O-O Rab8
16.b4 Nc7 17.Qb3 Nd5 18.Nxd5 cxd5 19.Nb2 a5 20.Nd3 axb4 21.Nxb4 Bxb4 22.Qxb4 Bd3
23.Rfd1 Bc4 24.e4 b5 25.exd5 Rdc8 26.d6 Rd8 27.a4 Be2 28.Rc7 Qxd6 29.Qxd6 Rxd6
30.Rd2 Bg4 31.Rb2 Rdb6 32.Rc6 Bd7 33.Rxb6 Rxb6 34.Rb4 Kf8 35.Bf1 Ke7 36.axb5 Be6
37.f4 Kd6 38.Kf2 f5 39.Ke3 Rb7 40.b6 Kc6 41.Bg2+ Bd5 42.Bxd5+ Kxd5 43.Kd3 Kd6
44.Kc4  1-0

[Event "ch-PHI"]
[Site "Makati PHI"]
[Date "2002.04.29"]
[Round "4"]
[White "Antonio,R"]
[Black "Villamayor,B"]
[Result "1/2-1/2"]
[WhiteElo "2508"]
[BlackElo "2514"]

1.d4 Nf6 2.Bg5 d5 3.Bxf6 exf6 4.e3 Bd6 5.c4 dxc4 6.Bxc4 O-O 7.Nf3 c6 8.O-O Bg4
9.Nc3 Nd7 10.Be2 f5 11.h3 Bxf3 12.Bxf3 Nf6 13.g3 Re8 14.Qc2 g6 15.Bg2 Qe7  1/2-1/2

[Event "4NCL"]
[Site "Birmingham ENG"]
[Date "2002.05.04"]
[Round "9"]
[White "Pert,R"]
[Black "Crouch,C"]
[Result "1/2-1/2"]
[WhiteElo "2302"]
[BlackElo "2360"]

1.d4 Nf6 2.Bg5 d5 3.e3 c5 4.Bxf6 gxf6 5.dxc5 e6 6.Nc3 Bxc5 7.Qh5 f5 8.Nf3 Qf6
9.O-O-O Nc6 10.Nb5 O-O 11.Rg1 Qg6 12.Qh3 Qg4 13.Qh6 Qg6 14.Qh3 Qg4  1/2-1/2

[Event "Oceana zt"]
[Site "Warwick Fiji FIJ"]
[Date "2002.05.08"]
[Round "6"]
[White "Depasquale,C"]
[Black "Rujevic,M"]
[Result "1/2-1/2"]
[WhiteElo "2335"]
[BlackElo "2303"]

1.d4 Nf6 2.Bg5 d5 3.Bxf6 exf6 4.e3 Be6 5.Nd2 c5 6.c3 Nc6 7.Ne2 cxd4 8.Nxd4 Nxd4
9.exd4 Bd6 10.Bb5+ Kf8 11.O-O Qb6 12.Qb3 g5 13.Rfe1 h5 14.Nf1 Rd8 15.Re2 Bb8
16.Rae1 f5 17.Bd3 Qxb3 18.axb3 f4 19.c4 Bd6 20.cxd5 Bxd5 21.Bc4 Bb4 22.Ra1 a6
23.Rc1 b5 24.Bxd5 Rxd5 25.h4 g4 26.Re4 Bd6 27.Rc6 Kg7 28.g3 Rh6 29.gxf4 Re6
30.Rxe6 fxe6 31.f5 Kf6 32.fxe6 Rxd4 33.Rxa6 Rd3 34.Rb6 Kxe6 35.Rxb5 Be5 36.Kg2 Rh3
37.Rb6+ Kf7 38.Ng3 Rxh4 39.Rh6 Bxg3 40.fxg3 Rh3 41.b4 Kg7 42.Rc6 h4 43.gxh4 Rxh4
44.Kg3 Rh3+ 45.Kxg4 Rb3 46.Rc4 Kf6 47.Kf4 Ke6 48.Ke4 Kd6 49.Kd4 Rxb2 50.Kc3 Rb1
51.Kc2 Rh1 52.Kb3 Ra1 53.Rc5 Ra8 54.Kc4 Kd7 55.Kd5 Ra1 56.Rc4 Rd1+ 57.Kc5 Kc7
58.Kb5+ Kb7 59.Rc5 Rd7  1/2-1/2

[Event "Oceana zt"]
[Site "Warwick Fiji FIJ"]
[Date "2002.05.10"]
[Round "8"]
[White "Depasquale,C"]
[Black "Feldman,V"]
[Result "1-0"]
[WhiteElo "2335"]
[BlackElo "2316"]

1.d4 Nf6 2.Bg5 g6 3.Bxf6 exf6 4.e3 f5 5.c4 Bg7 6.Nc3 d6 7.g3 Nd7 8.Bg2 O-O
9.Nge2 Nf6 10.O-O Bd7 11.b4 Bc6 12.Bxc6 bxc6 13.Rc1 h5 14.Qa4 Qd7 15.Qa5 Ne4
16.Rfd1 h4 17.Nxe4 fxe4 18.Qg5 hxg3 19.hxg3 Rfe8 20.Nf4 Reb8 21.d5 Re8 22.dxc6 Qxc6
23.Qb5 Qxb5 24.cxb5 a5 25.Nd5 axb4 26.Nxc7 Bc3 27.Nxe8 Rxe8 28.Rxd6 Rb8 29.b6 Kf8
30.Rcd1  1-0

[Event "Open A"]
[Site "Ostrava CZE"]
[Date "2002.05.18"]
[Round "1"]
[White "Karhanek,P"]
[Black "Biolek,R"]
[Result "1-0"]
[WhiteElo "2136"]
[BlackElo "2446"]

1.d4 d5 2.Bg5 Nf6 3.Nd2 e6 4.e3 Be7 5.Bd3 O-O 6.f4 b6 7.c3 c5 8.Ngf3 Bb7
9.O-O Ne4 10.Bxe7 Qxe7 11.Qc2 f5 12.Ne5 Rf6 13.Ndf3 Rh6 14.Qe2 a5 15.a4 Nd7
16.Nxd7 Qxd7 17.Ne5 Qe7 18.Bxe4 dxe4 19.Qf2 cxd4 20.cxd4 Rc8 21.Rfc1 Qe8
22.Rxc8 Qxc8 23.Qf1 Qd8 24.Qb5 Rf6 25.Rc1 Bd5 26.Qd7 Rf8 27.Rc7 Qf6 28.Rc8 h5
29.Rc7 Rd8 30.Qb5 Qf8 31.Qxb6 Rb8 32.Qa7 Rxb2 33.Rf7 Rb1+ 34.Kf2 Rb2+ 35.Kg3 h4+
36.Kh3  1-0

[Event "Open A"]
[Site "Ostrava CZE"]
[Date "2002.05.18"]
[Round "1"]
[White "Trombik,K"]
[Black "Kubacak,L"]
[Result "1/2-1/2"]
[WhiteElo "2263"]
[BlackElo "2099"]

1.d4 Nf6 2.Bg5 d5 3.Bxf6 exf6 4.e3 Be6 5.Bd3 Nd7 6.Nf3 Bd6 7.Nbd2 O-O 8.O-O f5
9.c4 c6 10.Qc2 Qf6 11.Rac1 Kh8 12.Qb3 Rab8 13.cxd5 cxd5 14.Bb5 Rfd8 15.Bxd7 Rxd7
16.Qa4 a6 17.Nb3 Qh6 18.Nc5 Rdd8 19.Nxe6 Qxe6 20.Qc2 g6 21.Rfe1 Kg7 22.Nd2 Bb4
23.a3 Rbc8 24.Qd3 Bxd2 25.Qxd2 Rxc1 26.Rxc1 Rc8 27.Rc5 h6 28.Qc3 Rc6 29.h3 Qc8
30.Rxc6 Qxc6 31.Qb4 Qc1+ 32.Kh2 Qc7+ 33.f4 g5 34.Qd2 h5 35.Qf2 Kg6 36.Qg3 f6
37.Qf2 Qc1 38.a4 h4 39.g3 hxg3+ 40.Kxg3 Qh1 41.b4 b5 42.axb5 axb5 43.fxg5 fxg5
44.Qc2 Qg1+ 45.Kf3 Qf1+ 46.Kg3 Kh5 47.Qc7 Qg1+  1/2-1/2

[Event "Vedior Trophy"]
[Site "Milan ITA"]
[Date "2002.05.19"]
[Round "4"]
[White "Astengo,C"]
[Black "Drazic,S"]
[Result "1/2-1/2"]
[WhiteElo "2180"]
[BlackElo "2474"]

1.d4 Nf6 2.Bg5 d5 3.Bxf6 exf6 4.e3 c6 5.c4 dxc4 6.Bxc4 Bd6 7.Nc3 O-O 8.h3 Nd7
9.Bd3 Re8 10.Qf3 Nb6 11.Nge2 Be6 12.O-O  1/2-1/2

[Event "IHEM"]
[Site "Hamburg GER"]
[Date "2002.05.20"]
[Round "3"]
[White "Reddmann,H"]
[Black "Hansen,SuB"]
[Result "0-1"]
[WhiteElo "2349"]
[BlackElo "2536"]

1.d4 Nf6 2.Bg5 c5 3.Bxf6 gxf6 4.d5 Qb6 5.Qc1 f5 6.e3 Bg7 7.c3 d6 8.Nd2 Nd7
9.Nc4 Qc7 10.a4 Nf6 11.Qd1 O-O 12.Nh3 Bd7 13.Be2 Kh8 14.O-O Bh6 15.Nf4 Rg8
16.Re1 Rad8 17.Bf1 Bc8 18.Nh5 Ng4 19.f4 Rg6 20.h3 Nf6 21.Nxf6 Rxf6 22.Be2 Rg8
23.Bf3 Bf8 24.Kf2 e5 25.Rg1 Rh6 26.Qf1 Be7 27.g3 e4 28.Bh1 Rhg6 29.Qe2 Qd8
30.Nd2 Qf8 31.Nf1 Bh4 32.Rg2 Qg7 33.Qh5 Bf6 34.Qe2 Bd7 35.Kg1 Qh6 36.h4 Rg4
37.Qf2 b6 38.Nh2 R4g6 39.Nf1 Qh5 40.Rh2 b5 41.Rh3 bxa4 42.Bg2 Rb8 43.Nh2 Rb6
44.Bf1 Qh6 45.Bc4 Rg8 46.Nf1 Rgb8 47.Rh2 Qf8 48.Ra2 R8b7 49.Qe1 Qg7 50.Qc1 Rb8
51.Rg2 Rg8 52.Qd2 Qf8 53.Be2 Qa8 54.Bc4 Rbb8 55.Rh2 Qb7 56.Qe2 Rg4 57.Ra1 Rbg8
58.Kf2 a6 59.Ke1 Bb5 60.Kd1 Rb8 61.Kc1 Qc8 62.Ra3 Rb6 63.Rh3 Qb7 64.Rh2 Rg8
65.Rf2 Rb8 66.Nd2 Bd7 67.Nf1 Qc8 68.Qh5 Qg8 69.Rc2 Qg7 70.Qe2 Bb5 71.Ra2 R6b7
72.Ra3 Bd8 73.Ra2 Ba5 74.Ra3 Bd8 75.Ra2 Qg8 76.Ra3 Bf6 77.Ra2 Qg6 78.Ra3 Rg8
79.Rd2 Qg7 80.Kc2 Rgb8 81.Kc1 Bxc3  0-1

[Event "Open A"]
[Site "Ostrava CZE"]
[Date "2002.05.21"]
[Round "5"]
[White "Lys,J"]
[Black "Adamek,J"]
[Result "1-0"]
[WhiteElo "2353"]
[BlackElo "2227"]

1.d4 Nf6 2.Bg5 d5 3.Nd2 Nbd7 4.e3 e6 5.Bd3 Be7 6.f4 Ng8 7.Ngf3 f5 8.O-O Ngf6
9.c4 c6 10.cxd5 cxd5 11.Rc1 O-O 12.Qb3 Qe8 13.Ne5 Bd6 14.Nef3 Rb8 15.Rc2 a6
16.Rfc1 Ne4 17.Bh4 Ndf6 18.Qb6 Qe7 19.g4 g6 20.Bxe4 fxe4 21.Bxf6 Rxf6 22.Rxc8+ Rxc8
23.Rxc8+ Rf8 24.Rxf8+ Kxf8 25.Ng5  1-0

[Event "Open A"]
[Site "Ostrava CZE"]
[Date "2002.05.21"]
[Round "5"]
[White "Orzechowski,J"]
[Black "Firt,S"]
[Result "1/2-1/2"]
[WhiteElo "2258"]
[BlackElo "2366"]

1.d4 Nf6 2.Bg5 c5 3.Bxf6 gxf6 4.d5 Qb6 5.Qc1 f5 6.c4 Bh6 7.e3 d6 8.Nc3 Nd7
9.Qc2 f4 10.exf4 Bxf4 11.Nge2 Bh6 12.Ng3 Ne5 13.Rb1 Bd7 14.Be2 O-O-O 15.O-O Rdg8
16.a3 Bf8 17.b4 h5 18.bxc5 Qxc5 19.Nb5 Bh3 20.gxh3 h4 21.Qf5+ Kb8 22.Rb3 hxg3
23.hxg3 Bh6 24.Qe4 Bd2 25.Qd4 Qxd4 26.Nxd4 Rxh3 27.Nc6+ Nxc6 28.dxc6 b6 29.Rd1 Bg5
30.c5 Kc7 31.cxd6+ exd6 32.Bf3 f5 33.Rbd3 Rh6 34.Bd5 Rg7 35.Re1 f4 36.Re8 Bd8
37.Bg2 fxg3 38.Rxg3 Rxg3 39.fxg3 Rg6 40.Rf8 d5 41.Rf7+ Kxc6 42.Rxa7 Rxg3
43.a4 Ra3 44.Bf1 Kc5 45.Bb5 Ra2 46.Kf1 Bg5 47.Rc7+ Kb4 48.Rd7 Rd2 49.Ke1 Be3
50.Re7 d4 51.Re6 Rb2 52.Rc6 Rh2 53.Rc4+ Kb3 54.Rc6 Kb2 55.Bd3 Bd2+ 56.Kd1 Ba5
57.Rc2+ Rxc2  1/2-1/2

[Event "Open A"]
[Site "Ostrava CZE"]
[Date "2002.05.21"]
[Round "5"]
[White "Karhanek,P"]
[Black "Michenka,J"]
[Result "0-1"]
[WhiteElo "2136"]
[BlackElo "2325"]

1.d4 Nf6 2.Bg5 c5 3.d5 Qb6 4.Nc3 Qxb2 5.Bd2 Qb6 6.e4 e5 7.f4 d6 8.Nf3 exf4
9.Bxf4 Be7 10.Rb1 Qa5 11.Bd2 O-O 12.Bc4 a6 13.O-O Qc7 14.a4 Re8 15.Bg5 h6
16.Bh4 Nbd7 17.Qd2 Nf8 18.Rbd1 Nxe4 19.Nxe4 Bxh4 20.Qf4 Be7 21.Ne5 f5 22.Nd3 Kh8
23.Ng3 Bg5 24.Qf3 Ng6 25.Rde1 Rf8 26.Qh5 Qf7 27.Re6 Bxe6 28.dxe6 Qe8 29.h4 Nxh4
30.Qe2 Qxa4 31.Nf4 Bxf4 32.Rxf4 Ng6 33.Rxf5 Rxf5 34.Nxf5 Qa1+  0-1

[Event "Elekes Mem IM"]
[Site "Budapest HUN"]
[Date "2002.05.24"]
[Round "7"]
[White "Diermair,A"]
[Black "Petran,Pa"]
[Result "0-1"]
[WhiteElo "2196"]
[BlackElo "2368"]

1.d4 Nf6 2.Bg5 d5 3.Bxf6 exf6 4.e3 Bd6 5.Bd3 O-O 6.Qf3 Re8 7.Nd2 Be6 8.Ne2 c6
9.Nf4 Nd7 10.g4 c5 11.O-O-O c4 12.Bf5 c3 13.Nb3 cxb2+ 14.Kb1 Nb6 15.Qh3 g6
16.Rhg1 Na4 17.Rd3 Rc8 18.Nh5 gxh5 19.Qxh5 Bxf5 20.gxf5+ Kf8 21.Qh6+ Ke7
22.e4 Qc7 23.Nc5 Nxc5 24.Rc3 Qa5 25.e5 Ne4 26.exd6+ Kxd6 27.Re3 Rxc2 28.Rxe4 Rc1+
29.Rxc1 bxc1=Q+ 30.Kxc1 Qc3+ 31.Kb1 Qd3+ 32.Kb2 Qxe4 33.Qxf6+ Kd7 34.Qxf7+ Re7  0-1

[Event "Vedior Trophy"]
[Site "Milan ITA"]
[Date "2002.05.25"]
[Round "10"]
[White "Isonzo,D"]
[Black "Lanzani,M"]
[Result "1/2-1/2"]
[WhiteElo "2360"]
[BlackElo "2362"]

1.d4 Nf6 2.Bg5 d5 3.Bxf6 exf6 4.e3 c6 5.c4 Qb6 6.Qc1 dxc4 7.Bxc4 Bd6 8.Nc3 Qc7
9.Nf3 Bg4 10.h3 Bxf3 11.gxf3 f5 12.Qc2 g6 13.O-O-O Nd7  1/2-1/2

[Event "Open A"]
[Site "Ostrava CZE"]
[Date "2002.05.25"]
[Round "9"]
[White "Lys,J"]
[Black "Michenka,J"]
[Result "0-1"]
[WhiteElo "2353"]
[BlackElo "2325"]

1.d4 Nf6 2.Bg5 c5 3.Bxf6 gxf6 4.c3 Qb6 5.Qd2 d5 6.e3 Bf5 7.Ne2 e6 8.Nf4 cxd4
9.exd4 Bh6 10.g3 Be4 11.Rg1 Rg8 12.b4 e5 13.Qe2 Bxf4  0-1

[Event "Open"]
[Site "Lido Estensi ITA"]
[Date "2002.06.07"]
[Round "1"]
[White "Brumen,D"]
[Black "Di Lazzaro,G"]
[Result "1-0"]
[WhiteElo "2408"]
[BlackElo "2035"]

1.d4 Nf6 2.Bg5 g6 3.Bxf6 exf6 4.e3 Bg7 5.c4 O-O 6.Nc3 f5 7.Nge2 b6 8.Nf4 Bb7
9.Be2 Nc6 10.O-O Ne7 11.Bf3 c6 12.b4 d5 13.cxd5 Nxd5 14.Nfxd5 cxd5 15.Qb3 Rc8
16.Nxd5 Qd7 17.Nf4 Bxf3 18.gxf3 Qe7 19.Kh1 Qh4 20.Rad1 g5 21.Nd5 Rfe8 22.Qd3 Qh3
23.e4 Rc4 24.f4 Qxd3 25.Rxd3 Rxe4 26.fxg5 Bxd4 27.Rfd1 Kg7 28.f3 Rh4 29.Ne7 Rf4
30.Rxd4 Rcxd4 31.Rxd4 Rxf3 32.Kg2 Ra3 33.h4 Rxa2+ 34.Kg3 f6 35.Nxf5+ Kg6
36.gxf6 Kxf6 37.Ne3 h5 38.Rd5 Kg6 39.Rg5+ Kf7 40.Rxh5 Ra3 41.Kf3 a5 42.Rb5 Ra4
43.Rxb6 axb4 44.Nf5 Ra5 45.Kf4 Ra4 46.Kg5 Ra5 47.Rxb4 Ke6 48.Re4+  1-0

[Event "Open"]
[Site "Lido Estensi ITA"]
[Date "2002.06.07"]
[Round "1"]
[White "Skembris,S"]
[Black "Ronchetti,N"]
[Result "1-0"]
[WhiteElo "2429"]
[BlackElo "2040"]

1.d4 Nf6 2.Bg5 c5 3.Bxf6 gxf6 4.d5 d6 5.e4 f5 6.Bb5+ Bd7 7.Bxd7+ Qxd7 8.Nc3 Bg7
9.exf5 Qxf5 10.Nge2 Nd7 11.O-O O-O 12.Ng3 Qg6 13.Re1 Rfe8 14.Nb5 Rab8 15.Nxa7 Bxb2
16.Rb1 Bc3 17.Re2 Nf6 18.Nb5 Be5 19.Qd2 Qg4 20.h3 Qc4 21.Rxe5 dxe5 22.Nd6 Qf4
23.Qxf4 exf4 24.Nxe8 Rxe8 25.Nf5 Nxd5 26.Rxb7 Nb4 27.Nxe7+ Kg7 28.Nf5+ Kf6
29.Nd6 Re1+ 30.Kh2 Nxa2 31.Rc7 Re2 32.Rxc5 Ke6 33.Nf5 Rxf2 34.Nd4+ Ke7 35.Re5+ Kd6
36.Rf5 Rd2 37.Nf3 Rxc2 38.Rxf7 Rc7 39.Rxf4 Nc3 40.Rh4 Rg7 41.Rh6+ Ke7 42.Nd4 Rf7
43.g4 Kf8 44.Rc6 Nd5 45.Ne6+ Ke7 46.Ng5 Rg7 47.Ne4 Nf4 48.Ng3 Rf7 49.Nf5+ Kd7
50.Rd6+ Kc7 51.Ra6 Kd7 52.Kg3 Ne6 53.Ra7+ Nc7 54.Nd4 Ke8 55.Kh4 Rd7 56.Nf5 Kf7
57.Kh5 Kg8 58.g5 Kf8 59.h4 Rf7 60.Nd4 Kg8 61.Rb7 Ne8 62.Rb8 Re7 63.Nf5 Re6
64.Rd8 Kf8 65.Ra8 Kg8 66.Ra7 Re4 67.Nh6+ Kh8 68.Ra8 Kg7 69.Nf5+ Kf7 70.Rxe8  1-0